- Zapata, Emiliano,
Entry Nombre Personal
001 - NUMERO DE CONTROL
- campo de control: 41757
003 - IDENTIFICADOR DE NUMERO DE CONTROL
- campo de control: DLC
005 - FECHA Y HORA DE LA ÜLTIMA TRANSACCIÓN
- campo de control: 20230302102616.0
008 - DATOS DE LONGITUD FIJA
- campo de control de longitud fija: 230302n| azannaabn |a aaa
010 ## - NÚMERO DE CONTROL DE LA BIBLIOTECA DEL CONGRESO
- Número de control LC: n 79069840
035 ## - NUMERO DE CONTROL
- Número de control: (OCoLC)oca00302661
040 ## - FUENTE DE CATALOGACIÓN
- Agencia original de catalogación: DLC
- Lenguaje de catalogación: spa
- Description conventions: rda
- Agencia de transcripción: DLC
- Agencia que lo modifica: Uk
- Agencia que lo modifica: DLC
- Agencia que lo modifica: ICU
- Agencia que lo modifica: DLC
- Agencia que lo modifica: MX-MxUPN
046 ## - FECHAS CON CODIFICACIÓN ESPECIAL
- Fecha de nacimiento: 18790808
- Fecha de muerte: 19190410
100 1# - ENCABEZAMIENTO - NOMBRE PERSONAL
- Nombre personal: Zapata, Emiliano,
- Fechas asociadas con el nombre: 1879-1919
370 ## - LUGAR ASOCIADO
- Place of birth: Anenecuilco (México)
- Place of death: Chinameca (México)
- Associated country: México
372 ## - CAMPO DE ACTIVIDAD
- Field of activity: Tenencia de la tierra
- Fuente del término: lcsh
373 ## - GRUPO ASOCIADO
- Associated group: Ejército Libertador del Sur
- Start period: 1910
- End period: 1919
374 ## - OCUPACIÓN
- Occupation: Revolutionario
- Fuente del término: lcsh
375 ## - GÉNERO
- Gender: masculino
377 ## - LENGUA ASOCIADA
- Language code: spa
400 1# - VEÁSE - NOMBRE DE PERSONA
- Personal name: Zapata Salazar, Emiliano,
- Dates associated with a name: 1879-1919
400 1# - VEÁSE - NOMBRE DE PERSONA
- Personal name: Salazar, Emiliano Zapata,
- Dates associated with a name: 1879-1919
670 ## - FUENTE EN LA QUE SE LOCALIZARON DATOS
- Cita de la fuente: Los Crímenes del zapatismo, 1913.
670 ## - FUENTE EN LA QUE SE LOCALIZARON DATOS
- Cita de la fuente: Emiliano Zapata y el problema agrario en la República mexicana, 1919.
670 ## - FUENTE EN LA QUE SE LOCALIZARON DATOS
- Cita de la fuente: Wikipedia, Oct. 5, 2011:
- Información localizada: (Emiliano Zapata; Emiliano Zapata Salazar; b August 8, 1879 in Anenecuilco, Mexico; d. April 10, 1919 in Chinameca; a leading figure in the Mexican Revolution (1910-1920). He formed and commanded an important revolutionary force, the Ejército Libertador del Sur (Liberation Army of the South) during the Mexican Revolution. Followers of Zapata were known as Zapatistas)
902 ## - CATALOGADOR
- Catalogador: NDAF/020323
